LEADER 01173nam a2200289 a 4500 001 000000125689 003 CaOOAMICUS 005 20110615110632.0 008 110615s2010 es u000 u spa r 020 $a978-84-210-0668-9 040 $aPUL$bita 082 04$a128 100 1 $aFuster Camp, Ignasi X.$0(OLS)http://pul/name/79609 245 10$aPersona y libertad /$cIgnasi X. Fuster Camp . 260 $aBarcelona :$bEditorial Balmes,$c2010. 300 $a315 p. ;$c22 cm 490 1 $aBiblioteca filosófica de balmesiana. Serie I ;$v6 650 4$aAntropologia filosofica.$0(OLS)http://pul/subject/676 830 0$aBiblioteca filosófica de balmesiana.$pSerie I ;$v6.$0(OLS)http://pul/title/158502 850 $aPUL 852 $aPUL$W1$xDP2 Filosofia 3$y112$m128 FUSIG 1$j144779$qDDC 21$B143792$CPULBib$Z2$F143792 $H116994 $82 941 1 $a9 996 $6020$a978-84-210-0668-9$9(OLS)http://pul/number/147478 996 $6082$a128$9(OLS)http://pul/classification/461 996 $6245$aPersona y libertad$9(OLS)http://pul/title/158501 996 $6260$aBarcelona :$bEditorial Balmes$9(OLS)http://pul/publisher/56302 LEADER 01700namaa2200409 i 4500 001 000000177912 003 CaOOAMICUS 005 20250715143155.0 007 tu 008 250715s2025 it 000 u ita r 020 $a978-88-311-8282-9* 040 $aPUL$bita$erda 082 0 $a223.9 100 0 $aAponius,$dsec. V,$eautore.$0(OLS)http://pul/name/3544 245 10$aCommento al Cantico dei Cantici / $cAponio ; a cura di Luca Zambianchi . 264 4$c©2025. 264 1$aRoma :$bCittą Nuova,$c[2025] 300 $a476 pagine ;$c20 cm 336 $atesto$btxt$2rdacontent 337 $asenza mediazione$bn$2rdamedia 338 $avolume$bnc$2rdacarrier 490 1 $aCollana di testi patristici ;$v281 504 $aBibliografia in nota. 600 04$aAponius,$d sec. V$tExplanationes in Canticum Canticorum$xConcordanze.$0(OLS)http://pul/subject/37349 700 1 $aZambianchi, Luca,$csacerdote,$d1986-,$ecuratore.$0(OLS)http://pul/name/114218 830 0$aCollana di testi patristici ;$v281.$0(OLS)http://pul/title/17027 850 $aPUL 852 $aPUL$W1$xSL Cons. Gen., Altre Classi 1$y1$m2000 E 281$j201848$qStampati$B206895$CPULBib$Z2$F206895 $H137947 $82 900 $aApponius Exegeta,$dsec. V$93544 900 $aAponio,$dsec. V$93544 941 1 $a8 996 $6020$a978-88-311-8282-9*$9(OLS)http://pul/number/170490 996 $6082$a223.9$9(OLS)http://pul/classification/440 996 $6245$aCommento al Cantico dei Cantici / $9(OLS)http://pul/title/207441 996 $6264$aRoma :$bCittą Nuova$9(OLS)http://pul/publisher/47927 996 $6264$a[S.l.] :$b[s.n.]$9(OLS)http://pul/publisher/0